000 00227nam a22000977a 4500
999 _c260644
_d260643
020 _a9780545368339
100 _aDaisy Meadows
245 _aRainbow Magic: Emma the Easter Fairy
260 _aUSA
_bScholastic
_c2011
942 _cBK